000
00278nam a22001217a 4500
008
230621b xxu||||| |||| 00| 0 eng d
020
_a
0711706654
082
_a
328.03
_b
HOC
110
_b
House of commons
245
_a
The House of Parliament
300
_a
32p
942
_2
ddc
_c
BK
999
_c
2009
_d
2009